| 000 | 01177nam a22003497a 4500 | ||
|---|---|---|---|
| 003 | CHAP | ||
| 005 | 20220817043742.0 | ||
| 008 | 010201d2000 it a rn 00110 spa d | ||
| 010 | _a83430 | ||
| 011 | _a84402 | ||
| 020 | _a9253043334 | ||
| 035 | _a94922 | ||
| 040 | _cCHAP | ||
| 082 | 0 | 4 |
_a639.2 _bF41Y v.8 |
| 110 | 2 | _aFAO | |
| 245 | 1 | 0 |
_aIndicadores para el desarrollo sostenible de la pesca de captura marina _c/ por FAO |
| 260 |
_aRoma : _bFAO, _c2000. |
||
| 300 |
_a68 p. : _bilus. ; gráfs. |
||
| 490 | 0 |
_aFAO. Orientaciones técnicas para la pesca responsable _v; 8 |
|
| 590 |
_aBATCH-UPD _b10 _c20130110 _lUCH01 _h0620 |
||
| 590 |
_aBATCH-UPD _b10 _c20130410 _lUCH01 _h0302 |
||
| 590 |
_aBATCH-UPD _b10 _c20130914 _lUCH01 _h1436 |
||
| 590 |
_aCONVERSION _b10 _c20130109 _lUCH01 _h1346 |
||
| 650 | 1 | 4 |
_aPesca _xAspectos económicos. _987361 |
| 650 | 1 | 4 |
_aPesca _xEvaluaciones. _987384 |
| 650 | 1 | 4 |
_aPesca _xInvestigación. _987391 |
| 830 | 0 |
_aFAO. Orientaciones técnicas para la pesca responsable _v; 8 _939642 |
|
| 901 | _aBK | ||
| 905 | _aPatricia Mendoza P. | ||
| 942 | _cLIBRO | ||
| 949 |
_a639.2 F41Y v.8 _bBC _cFAO _d33724000815049 _eFAO1 _h99463 _i94922 _kDonaciØn _sb |
||
| 999 |
_c83430 _d83430 |
||